Mensaje actual de Santa Teresa, Doctora de la Iglesia (Record no. 131842)

MARC details
000 -LEADER
campo de control de longitud fija 00680nam a2200169 4500
001 - NÚMERO DE CONTROL
campo de control 131842
003 - IDENTIFICADOR DE NÚMERO DE CONTROL
campo de control ES-MaACL
005 - FECHA Y HORA DE LA ÚLTIMA TRANSACCIÓN
campo de control 20230906194045.0
007 - CAMPO FIJO DE DESCRIPCIÓN FÍSICA--INFORMACIÓN GENERAL
campo de control de longitud fija t|
008 - DATOS DE LONGITUD FIJA--INFORMACIÓN GENERAL
campo de control de longitud fija 070214s1970 sp r ||||1| spa d
100 1# - ENTRADA PRINCIPAL--NOMBRE DE PERSONA
Nombre de persona Rodríguez Molero, Francisco X.
9 (RLIN) 98669
245 10 - MENCIÓN DEL TÍTULO
Título Mensaje actual de Santa Teresa, Doctora de la Iglesia
Resto del título : discurso leído en la solemne apertura del curso académico 1970-71 en la Facultad de Teología de Granada /
Mención de responsabilidad, etc. Francisco J. Rodríguez Molero, S. J.
260 ## - PUBLICACIÓN, DISTRIBUCIÓN, ETC.
Lugar de publicación, distribución, etc. Granada :
Nombre del editor, distribuidor, etc. Facultad de Teología,
Fecha de publicación, distribución, etc. 1970.
300 ## - DESCRIPCIÓN FÍSICA
Extensión 102 p. ;
Dimensiones 24 cm.
710 2# - ENTRADA AGREGADA--NOMBRE DE ENTIDAD CORPORATIVA
Nombre de entidad corporativa o nombre de jurisdicción como elemento de entrada Universidad de Granada.
Unidad subordinada Facultad de Teología.
9 (RLIN) 7186
852 ## - LOCALIZACIÓN
Ubicación ES-MaACL
Número de control de estantería C-41324
Sublocalización o colección R.75683
Holdings
Estatus retirado Estado de pérdida Estado de daño No para préstamo Biblioteca de origen Biblioteca actual Ubicación en estantería Fecha de adquisición Fuente de adquisición Total de préstamos Signatura topográfica completa Código de barras Visto por última vez Precio de reemplazo Tipo de ítem Koha
        Biblioteca del Ateneo de Madrid Biblioteca del Ateneo de Madrid Depósito 2 17/01/2008     C-41324 1137254 23/02/2023 23/02/2023 Libro impreso